Pier Paolo Pasolini

Αποθηκεύτηκε σε:
Λεπτομέρειες βιβλιογραφικής εγγραφής
Κύριος συγγραφέας: Mariniello, Silvestra (autora)
Μορφή: Βιβλίο
Γλώσσα:Ισπανικά
Έκδοση: Madrid Cátedra 1999
Σειρά:Signo e Imagen. Cineastas, 44
Θέματα:
Ετικέτες: Προσθήκη ετικέτας
Δεν υπάρχουν, Καταχωρήστε ετικέτα πρώτοι!

MARC

LEADER 00000nam a2200000 a 4500
001 UCM2753
003 CL-VaPUC
005 20230321103002.0
008 020613e19990000SP |||||||||||||||||spa|d
999 |c 300474  |d 300472 
040 |c Pontificia Universidad Católica de Valparaíso 
082 0 4 |a 791.4309  |b MAR  |2 21 
100 |a Mariniello, Silvestra  |e autora  |9 469536 
245 1 0 |a Pier Paolo Pasolini 
260 |a Madrid  |b Cátedra  |c 1999 
300 |a 425 p 
490 0 |a Signo e Imagen. Cineastas, 44 
583 |a last modification  |c 20020613 00:00:00  |k Rodrigo Vera 
600 |a Pasolini, Pier Paolo  |d 1922-1975  |x Biografías  |9 880851 
650 0 |a Directores de cine  |9 368705 
650 0 |a Cinematografía  |9 265198 
650 0 |a Cine italiano  |9 267409 
942 |c BK  |2 ddc 
945 |d 20020613 00:00:00  |a cmena 
952 |0 0  |1 0  |4 0  |6 791_430900000000000_MAR_1999  |7 0  |8 A  |9 358299  |a BIBART  |b BIBART  |d 2019-11-21  |i 3819841  |o 791.4309 MAR 1999  |p 3819841  |r 2025-03-13  |w 2019-11-21  |y BK  |k ART